[Event "Yingmei Cup CHN-chT 2017"]
[Site "Shenzen"]
[Date "2017.04.18"]
[Round "1"]
[White "Wei, Yi"]
[Black "Wang, Hao"]
[Result "1-0"]
[WhiteElo "2727"]
[BlackElo "2690"]
[Annotator "TA"]
[PlyCount "110"]
[EventDate "2017.??.??"]
[EventCountry "CHN"]
[SourceTitle "playchess.com"]
[Source "ChessBase"]
[SourceQuality "1"]

{[%evp 26,110,16,18,29,12,29,17,8,8,8,14,18,-4,18,14,25,0,0,0,0,-17,-50,-50,-49,-51,3,4,4,4,4,7,7,6,11,0,3,2,2,7,8,0,8,8,8,8,8,8,8,8,8,8,8,8,237,237,237,237,247,0,0,0,252,282,282,282,293,293,293,293,502,225,225,225,225,226,29971,29972,29973,29974,29974,29975,29975,29976,29976,29977,29977]} 1. e4 c6 2. d4 d5 3. Nd2 dxe4 4. Nxe4 Bf5 5. Ng3 Bg6 6. h4 h6 7. Nf3 e6 8. h5 Bh7 9. Bd3 Bxd3 10. Qxd3 Nf6 11. Bd2 c5 12. Ne4 {B19: Classical Caro-Kann: 4...Bf5 main line} (12. O-O-O Nc6 13. Bc3 Nb4 14. Qb5+ Qd7 15. Qxd7+ Nxd7 16. Kb1 Nd5 17. Bd2 cxd4 18. Nxd4 Bc5 19. Bc1 N7f6 20. f3 {0-1 (42) Plat,V (2532)-Navara,D (2725) Tallinn 2016}) 12... Nc6 13. Bc3 cxd4 14. Nxd4 {LiveBook: 4 Games. The position is equal.} Nb4 15. Nxf6+ gxf6 16. Bxb4 Bxb4+ 17. c3 {Strongly threatening Qb5+.} Be7 18. O-O-O {Qb5+ is the strong threat.} Qb6 $146 (18... Qa5 19. Qe4 Qb6 {½-½ (40) Kalegin,E (2462)-Ulanov,A (2337) Kazan 2012}) 19. Qb5+ Kf8 20. Qe2 Rd8 21. Kb1 Rg8 22. g4 Bc5 {[%cal Rc5d4]} 23. Rd3 Bxd4 24. Rhd1 {[%cal Rd3d4]} Qb5 25. Qf3 f5 ({Black should try} 25... Rg5 $1 $15) 26. gxf5 $11 (26. Rxd4 Rxd4 27. Rxd4 Rxg4 28. Rxg4 fxg4 29. Qxg4 Qf1+ 30. Kc2 Qxf2+ 31. Kb3 Qb6+ 32. Kc2 Qf2+ 33. Kb3 Qb6+ 34. Kc2 Qf2+ $17) 26... Qxf5 ({Of course not} 26... exf5 27. Qf4 $16 (27. Rxd4 Rxd4 28. cxd4 Rg4 $16) (27. cxd4 Qd5 $11)) 27. Qxf5 exf5 28. Rxd4 Rxd4 29. Rxd4 {[%mdl 4096] Endgame KR-KR} Ke7 (29... Rg1+ $5 30. Kc2 $8 Rg2 $11) 30. Ra4 a6 31. Rb4 b5 32. a4 Rg1+ 33. Kc2 bxa4 34. Rxa4 Rg2 35. Kd3 Rxf2 36. b4 f4 37. Rxa6 f3 $1 38. Ra1 ({Don't take} 38. Rxh6 $2 Ra2 39. Ra6 Rxa6 $19) 38... Rb2 39. Re1+ Kd6 $2 {[#]} (39... Kd7 $1 $11) 40. Rf1 $1 $18 f2 41. Ke3 Rc2 42. Kd3 $2 (42. Rxf2 $18 Rxc3+ 43. Kd4) 42... Rb2 $11 43. Ke3 $2 {[%mdl 8192]} (43. c4 $11) 43... Rc2 $18 44. Rxf2 Rxc3+ 45. Kd4 Rh3 46. Rf6+ ({Worse is} 46. Rxf7 Rh4+ 47. Kd3 Rxh5 $11) 46... Ke7 47. Rxh6 Kf8 $2 (47... Rh4+ 48. Kc5 Kf8) 48. b5 (48. Kc5 $142 Kg7 49. Rd6 Rxh5+ 50. Kc6) 48... Kg7 {[#]} 49. Rd6 $1 Rxh5 50. b6 {[%cal Bb5b6,Bb6b7][%mdl 32]} f6 $2 (50... Rb5 $18 51. Kc4 Rb2) 51. Kc4 {White mates.} Rh8 52. b7 Kg6 53. Rb6 Rb8 54. Kd5 Kf5 55. Rb4 Rd8+ 1-0

[Event "Yingmei Cup CHN-chT 2017"]
[Site "Shenzen"]
[Date "2017.04.18"]
[Round "1"]
[White "Bu, Xiangzhi"]
[Black "Li, Yankai"]
[Result "0-1"]
[WhiteElo "2713"]
[BlackElo "2392"]
[Annotator "TA"]
[PlyCount "122"]
[EventDate "2017.??.??"]
[EventCountry "CHN"]
[SourceTitle "playchess.com"]
[Source "ChessBase"]
[SourceQuality "1"]

{[%evp 22,122,12,13,45,43,35,25,36,29,35,40,27,0,0,0,17,14,36,17,42,0,18,0,0,0,119,108,179,70,57,49,53,62,100,115,106,115,104,-235,-235,-225,-232,-233,-230,-288,-279,-422,-454,-467,-420,-460,-460,-446,-442,-445,-440,-433,-429,-718,-689,-572,-575,-558,-551,-691,-641,-799,-671,-670,-651,-574,-460,-441,-434,-660,-660,-640,-637,-659,-499,-4585,-5400,-29966,-29970,-29982,-29968,-29982,-4585,-4585,-4585,-4585,-4577,-4577,-4577,-4577,-4577,-4592,-4577,-4577,-4570,-650,-635]} 1. Nf3 Nf6 2. c4 e6 3. g3 d5 4. Bg2 Be7 5. d4 O-O 6. Qc2 c5 7. O-O cxd4 8. Nxd4 Nc6 9. Nxc6 bxc6 10. b3 Ba6 {E06: Closed Catalan: Early deviations} 11. Bb2 Rc8 12. Nd2 {LiveBook: 7 Games} d4 {The position is equal.} 13. Nf3 c5 14. e3 $146 (14. Rfe1 Qc7 15. e3 e5 16. exd4 exd4 17. Bc1 Bb7 18. Bf4 {1-0 (40) Stohl,I (2580)-Muir,A (2300) Pula 1997}) 14... Bb7 (14... d3 15. Qc3 $16) 15. exd4 Bxf3 $1 16. Bxf3 cxd4 17. Qe2 Qb6 18. Rfd1 Rfd8 19. Rd3 Ne8 20. Rc1 h6 21. a3 a5 22. Qe5 {[%cal Rb2d4]} Rc5 23. Qe4 $36 {[%mdl 2048] White has the initiative.} f5 (23... Nf6 $11 24. Qe1 Rf5) 24. Qe2 $16 Bg5 (24... Bf6 $16) 25. Re1 ({White should play} 25. b4 $1 $18 {[%cal Rb4c5]} Bxc1 26. Bxd4 (26. bxc5 Qxb2 27. Qxe6+ Kh8 $16) 26... Rxd4 27. bxc5 Qxc5 28. Qxe6+ Kh7 29. Rxd4 Qxd4 30. Qxe8 Qxc4 31. a4) 25... e5 $14 {[#]} 26. b4 $1 {[%mdl 512]} axb4 27. axb4 Rxc4 {Hoping for ...e4.} 28. Qxe5 Rxb4 {Threatens to win with ...Rb5.} 29. Bd5+ Kh8 30. h4 $2 {[%mdl 8192]} (30. Bxd4 $16 {is forced if you want to stay better.} Qb5 31. Qxf5 Rxd5 32. Rxe8+ $1 {[%mdl 512]} (32. Bxg7+ Nxg7 33. Qxd5 Qxd5 34. Rxd5 Kh7 $16) 32... Qxe8 33. Qxd5) 30... Bf6 $19 ({Worse is} 30... Rxb2 31. hxg5 Rb1 32. Red1 $11) 31. Qxf5 {aiming for Be4.} Nd6 $1 {[%cal Rd6f5]} ({Not} 31... Rxb2 $2 32. Be4 g6 33. Qxg6 $18) 32. Qh5 Rxb2 33. Rf3 {Rxf6! is the strong threat.} Rb1 $1 {[%cal Rb1e1]} 34. Rxf6 (34. Rxb1 $142 Qxb1+ 35. Kg2) 34... Rxe1+ 35. Kg2 {Intending Rxh6+! and mate.} Qc7 ({Weaker is} 35... Re7 36. Rxh6+ $1 {[%mdl 512]} gxh6 37. Qxh6+ Rh7 38. Qf6+ Rg7 39. Qh6+ Rh7 40. Qf6+ Rg7 41. Qh6+ Rh7 $11) 36. Rxh6+ gxh6 37. Qxh6+ Qh7 38. Qf6+ Qg7 39. Qxd8+ Ne8 40. h5 (40. Bc4 $142 Qe5 41. Bd3) 40... Qf6 41. Qd7 Re2 42. Bf3 Re7 43. Qb5 Nd6 44. Qd5 Qe5 45. Qa8+ Re8 46. Qa3 Nf5 47. Qd3 Rg8 {[%cal Rf5g3] Strongly threatening ...Nxg3.} 48. Kf1 (48. Qe4 $142 Qxe4 49. Bxe4) 48... Rc8 49. Kg2 Rc3 50. Qd2 d3 {White must now prevent ...Rc2.} 51. Kh3 (51. Bd1 $142) 51... Rc2 52. Qxd3 Rxf2 {[%csl Gf5][%cal Re5g3]} 53. Bg4 Nh6 54. Bf3 Qf5+ (54... Nf7 $142 55. Qd5 {[#]} Rxf3 $1 {[%mdl 512]} 56. Qxe5+ Nxe5 57. Kh4 Kh7 58. Kg5 Rf2 59. g4 Nf7+ 60. Kh4 Rg2 61. h6 Kxh6 62. Kh3 Rg1 63. Kh4 Ne5 64. g5+ Rxg5 65. Kh3 Kh5 66. Kh2 Kh4 67. Kh1 Kg3 68. Kg1 Rf5 69. Kh1 Rf1#) 55. Qxf5 {Black is clearly winning.} Nxf5 56. Be4 Nd6 57. Bg6 Kg7 58. g4 Kf6 59. Kh4 Rh2+ 60. Kg3 Rb2 61. Kh4 Rb4 0-1

[Event "Yingmei Cup CHN-chT 2017"]
[Site "Shenzen"]
[Date "2017.04.18"]
[Round "1"]
[White "Kryvoruchko, Yuriy"]
[Black "Zhou, Weiqi"]
[Result "1/2-1/2"]
[WhiteElo "2710"]
[BlackElo "2606"]
[Annotator "TA"]
[PlyCount "96"]
[EventDate "2017.??.??"]
[EventCountry "CHN"]
[SourceTitle "playchess.com"]
[Source "ChessBase"]
[SourceQuality "1"]

{[%evp 10,96,31,25,27,27,27,20,28,27,27,28,35,31,27,29,25,29,33,30,27,9,22,26,24,31,48,31,38,19,28,27,27,8,6,14,12,0,0,0,0,0,0,0,0,0,0,0,4,5,23,17,18,18,22,23,22,8,8,8,10,0,10,10,10,0,0,0,0,0,0,0,0,0,0,0,0,0,0,0,0,0,0,0,0,0,0,0,8]} 1. e4 c5 2. Nf3 d6 3. Bb5+ Bd7 4. Bxd7+ Qxd7 5. c4 Nf6 6. Nc3 g6 {B52: Sicilian: Moscow Variation with 3...Bd7} 7. d4 cxd4 8. Nxd4 Bg7 9. f3 Qc7 10. b3 Qa5 11. Bd2 Nc6 12. Nde2 O-O 13. O-O a6 14. Nd5 $146 (14. Kh1) 14... Qa3 15. Bc3 b5 (15... Nxd5 $5 {creates asymmetry.} 16. exd5 Bxc3 17. Nxc3 Ne5 18. f4 Nd7) 16. Nxf6+ Bxf6 17. Bxf6 exf6 18. cxb5 axb5 19. Nf4 Ne7 20. Qd4 f5 21. Rfd1 fxe4 22. fxe4 Qc5 23. Qxc5 dxc5 24. Rac1 Rfc8 25. Rd7 Kf8 26. Rb7 Rxa2 27. Rxb5 Rd8 28. Rbxc5 Rdd2 29. h4 h6 30. R1c3 f6 31. Rd3 g5 32. Rxd2 Rxd2 33. hxg5 {The position is equal.} fxg5 $11 {[%mdl 4096] Endgame KRN-KRN} 34. Nh5 Ng6 35. Rc6 Nh4 36. Rf6+ Ke7 37. g3 Rg2+ 38. Kf1 Rxg3 $1 39. Nxg3 Kxf6 {KN-KN} 40. b4 Ke5 41. b5 Kd6 42. Nf5+ Kc5 $1 ({Don't go for} 42... Nxf5 $2 43. exf5 h5 44. f6 $18) 43. Nxh4 gxh4 44. Kg2 Kxb5 {KPP-KP} 45. Kh3 Kc5 46. Kxh4 Kd4 47. Kh5 Kxe4 48. Kxh6 Ke5 1/2-1/2

[Event "Yingmei Cup CHN-chT 2017"]
[Site "Shenzen"]
[Date "2017.04.18"]
[Round "1"]
[White "Ni, Hua"]
[Black "Wang, Chen"]
[Result "1/2-1/2"]
[WhiteElo "2674"]
[BlackElo "2505"]
[Annotator "TA"]
[PlyCount "210"]
[EventDate "2017.??.??"]
[EventCountry "CHN"]
[SourceTitle "playchess.com"]
[Source "ChessBase"]
[SourceQuality "1"]

{[%evp 12,210,36,28,37,38,52,38,39,41,47,10,20,3,0,-52,-45,-42,-44,-47,-41,-35,-29,-33,-41,-64,-63,-59,-68,-66,-51,-52,-43,-35,-9,-12,-12,-15,0,0,0,0,0,0,0,-24,3,-21,-19,-29,-29,-35,-28,-30,-30,-18,-6,-6,-6,-22,-8,-8,0,-6,0,0,0,0,0,0,0,0,0,0,0,0,0,0,0,-4,-4,-4,0,-7,0,0,0,0,0,-19,0,0,0,0,0,0,0,0,0,0,0,-4,-4,-4,0,-50,0,-31,0,0,0,0,0,0,0,-14,0,0,0,0,0,0,0,0,0,0,0,-15,0,-6,-3,-70,0,0,0,0,0,-1,0,0,0,0,0,0,0,0,0,0,0,0,0,0,0,0,0,-34,0,0,0,0,0,0,0,-59,-8,-8,-8,-8,0,0,4,0,19,18,29,29,29,27,27,27,84,87,84,84,84,84,84,80,84,84,82,78,29969,29968,1339,27,4520,27,27,27,27]} 1. d4 d5 2. c4 e6 3. Nf3 Nf6 4. g3 g6 5. Bg2 Bg7 6. O-O O-O 7. Qc2 Ne4 {D77: Fianchetto Grünfeld: 6 0-0: Replies other than 6...c6} (7... Nc6 8. Rd1 a5 9. a3 Ne7 10. Nc3 b6 11. Bf4 Bb7 12. cxd5 exd5 13. Rac1 Ne8 14. b4 axb4 15. axb4 {1-0 (30) Matlakov,M (2691)-Lu,S (2595) Ningbo 2015}) 8. Rd1 c6 9. Nc3 f5 {White is slightly better.} 10. Bf4 Nd7 11. Rac1 $146 (11. b4 Ndf6 12. Nxe4 fxe4 13. Ne5 Nh5 14. Be3 Qc7 15. cxd5 exd5 {1-0 (36) Zarkua,D (2409)-Ceylan,I (1946) Malatya 2014}) 11... Qe7 12. a3 g5 13. Be5 (13. Bc7 $11) 13... Bh6 $1 $15 14. e3 g4 15. Ne1 Nxe5 16. dxe5 Bg7 17. Nd3 dxc4 18. Nxe4 {[#] aiming for Nf6+!} cxd3 19. Qc5 Qxc5 $1 20. Nxc5 Bxe5 21. Rxd3 Bxb2 22. Rb1 Bf6 23. Nxb7 Rb8 24. Rdb3 $1 ({Reject} 24. Bxc6 Rf7 25. Rdb3 Rc7 $17) 24... Rxb7 25. Rxb7 Bxb7 26. Rxb7 $11 {[%mdl 4096] Endgame KRB-KRB} Rf7 27. Rb8+ Rf8 28. Rb1 Rf7 29. Bf1 Rd7 30. Bc4 Kf7 31. Kg2 Be5 32. h3 h5 33. a4 Ke7 34. hxg4 hxg4 35. Rh1 Bf6 36. a5 Kd6 37. a6 Bd8 38. Rh6 Re7 39. Kf1 Bb6 40. Ke2 Ke5 41. Bb3 Ba5 42. Rg6 Bb4 43. Bc4 Ba5 44. Rh6 Bb4 45. Bd3 Kd5 46. Rh8 Bc5 47. Rd8+ Ke5 48. Bc4 Bb6 49. Rc8 Kd6 50. Bb3 Rc7 51. Rh8 Re7 52. Rh5 Ke5 53. Rh6 Bc5 54. Rh1 Bb6 55. Rc1 Rc7 56. Rd1 Rh7 57. Ba4 Rc7 58. Rc1 Rc8 59. Bb3 Rc7 60. Rh1 Rd7 61. Rh6 {[%csl Gb3][%cal Rh6e6]} Re7 62. Kd3 Rd7+ 63. Kc2 {[%csl Gb3][%cal Rh6e6]} Re7 64. Kd3 Rd7+ 65. Ke2 {[%csl Gb3][%cal Rh6e6]} Re7 66. Kf1 Bc5 67. Rh8 Bb6 68. Rb8 Kd6 69. Kg2 Rd7 70. Kf1 Rh7 {Black wants to play ...Rh1+.} 71. Ke2 (71. Kg2 $11) 71... Rd7 (71... Rh1 $1 $15 72. Re8 Kd7) 72. Rf8 Bc5 73. Re8 Re7 74. Rc8 Bb6 75. Rf8 Ke5 76. Ba4 Kd6 77. Bc2 Rh7 78. Bb3 Bc5 79. Bc4 Bb6 80. Rf6 Re7 81. Rh6 Ke5 82. Bd3 Rd7 83. Rh5 (83. Bc4 $5 {creates asymmetry.} Re7) 83... Kf6 84. Bc4 Re7 85. Bb3 Ke5 86. Bc2 Rd7 87. e4 (87. Rh6 $11) 87... Rf7 (87... Kd4 $1 $15 88. exf5 Kc3) 88. f4+ gxf3+ 89. Kxf3 Kf6 90. exf5 {Hoping for Rh6+.} exf5 91. Bxf5 Kg7 92. g4 Bd8 93. Rh7+ Kg8 94. Rh6 Rf6 95. Rh1 Rd6 (95... c5 $11 {remains equal.}) 96. Rh7 $16 Bb6 97. Rb7 c5 98. Ke4 c4 99. Ke5 Rc6 100. Be4 Rc7 101. Kd6 Rc5 $2 {[%mdl 8192]} (101... Rc8 $16) 102. Bd5+ Kf8 {[#]} 103. Rf7+ $2 (103. Rxb6 $1 $18 {[%mdl 512]} axb6 104. a7) 103... Ke8 $2 {[%mdl 8192]} (103... Kg8 $11 104. Rb7+ Kh8) 104. Rf4 $2 ({Better is} 104. Rf3 $18 {Threatens to win with Be4.} Rc8 105. Bc6+ Rxc6+ 106. Kxc6) 104... Bc7+ $11 105. Kxc5 Bxf4 1/2-1/2

[Event "Yingmei Cup CHN-chT 2017"]
[Site "Shenzen"]
[Date "2017.04.18"]
[Round "1"]
[White "Ma, Qun"]
[Black "Yu, Yangyi"]
[Result "1/2-1/2"]
[WhiteElo "2637"]
[BlackElo "2750"]
[Annotator "TA"]
[PlyCount "60"]
[EventDate "2017.??.??"]
[EventCountry "CHN"]
[SourceTitle "playchess.com"]
[Source "ChessBase"]
[SourceQuality "1"]

{[%evp 25,60,10,4,0,35,32,35,31,26,26,48,19,25,22,29,33,61,0,5,3,9,0,0,0,0,0,0,-1,-3,-11,0,0,0,0,0,0,0]} 1. d4 Nf6 2. c4 e6 3. Nc3 Bb4 4. Qc2 O-O 5. a3 Bxc3+ 6. Qxc3 b6 7. Nf3 Bb7 8. e3 d5 9. b4 {E32: Nimzo-Indian: Classical (4 Qc2): 4...0-0} c5 10. dxc5 bxc5 11. Bb2 Nbd7 12. Be2 dxc4 13. Qxc4 Bd5 {LiveBook: 4 Games} 14. Qc3 Qb6 15. O-O cxb4 16. Qxb4 Rfb8 17. Qxb6 Nxb6 $146 (17... axb6 18. Ne5 Rc8 19. Rac1 Nxe5 20. Bxe5 {½-½ (42) Harikrishna,P (2632)-Vescovi,G (2645) Bermuda 2005}) 18. Rfc1 Ne4 19. Be5 Rc8 20. Ba6 Rc5 21. Bd4 (21. Nd4 $1 $14) 21... Ra5 {The position is equal.} 22. Bd3 f6 23. Bxe4 Bxe4 24. Nd2 Bg6 25. Nc4 Ra6 26. Nxb6 axb6 27. Rd1 Rxa3 28. Rxa3 Rxa3 29. Bxb6 Rd3 30. Rxd3 Bxd3 1/2-1/2

[Event "Yingmei Cup CHN-chT 2017"]
[Site "Shenzen"]
[Date "2017.04.18"]
[Round "1"]
[White "Zhao, Jun"]
[Black "Wang, Yue"]
[Result "1/2-1/2"]
[WhiteElo "2616"]
[BlackElo "2706"]
[Annotator "TA"]
[PlyCount "22"]
[EventDate "2017.??.??"]
[EventCountry "CHN"]
[SourceTitle "playchess.com"]
[Source "ChessBase"]
[SourceQuality "1"]

{[%evp 19,20,22,25]} 1. e4 e5 2. Nf3 Nc6 3. Bb5 Nf6 4. O-O Nxe4 5. Re1 Nd6 6. Nxe5 Be7 7. Bf1 Nxe5 8. Rxe5 O-O 9. d4 Bf6 10. Re1 Nf5 {LiveBook: 253 Games. C67: Ruy Lopez: Berlin Defence: 4 0-0 Nxe4} (10... Re8 11. Bf4 Rxe1 12. Qxe1 Ne8 13. c3 d5 14. Nd2 g6 15. Nf3 Ng7 16. Qe3 c6 17. Re1 Be6 18. Ne5 Qa5 19. a3 Re8 20. Nd3 Qd8 21. Qd2 Bf5 22. Rxe8+ Qxe8 23. Qe3 Qxe3 {½-½ (23) Vachier Lagrave,M (2796)-Grischuk,A (2742) Sharjah 2017}) 11. c3 $146 d5 {½-½ (11) Khalifman,A (2617)-Fedoseev,V (2670) Liepaja 2016} 1/2-1/2

[Event "Yingmei Cup CHN-chT 2017"]
[Site "Shenzen"]
[Date "2017.04.18"]
[Round "1"]
[White "Wen, Yang"]
[Black "Malakhov, Vladimir"]
[Result "1/2-1/2"]
[WhiteElo "2613"]
[BlackElo "2714"]
[Annotator "TA"]
[PlyCount "84"]
[EventDate "2017.??.??"]
[EventCountry "CHN"]
[SourceTitle "playchess.com"]
[Source "ChessBase"]
[SourceQuality "1"]

{[%evp 15,84,32,33,25,26,23,31,23,32,21,29,15,18,17,15,19,23,24,25,26,18,22,22,15,22,19,22,18,25,16,20,12,11,16,36,35,16,0,31,28,28,33,38,26,29,20,25,31,31,26,66,66,81,13,20,21,21,21,21,0,0,0,0,0,0,0,0,0,0,0,0]} 1. d4 d5 2. c4 c6 3. Nf3 Nf6 4. Nc3 a6 5. cxd5 cxd5 6. Bf4 Nc6 7. Rc1 e6 8. e3 Be7 9. h3 {D13: Slav Defence: Exchange variation without ...Bf5} Bd6 (9... O-O 10. Bd3 Bd7 11. O-O Rc8 12. Ne5 Be8 13. Bg5 h6 14. Bh4 Nd7 15. Nxc6 Rxc6 16. Bxe7 Qxe7 17. Na4 Nf6 18. Qb3 Rxc1 19. Rxc1 Bxa4 20. Qxa4 Qd6 {½-½ (20) Artemiev,V (2663)-Vitiugov,N (2721) Sochi 2016}) 10. Bxd6 Qxd6 11. Bd3 {White is slightly better.} O-O 12. O-O Bd7 13. Qe2 $146 (13. a3 Na7 14. Ne5 Rfc8 15. f4 Qb6 16. Qe2 Bb5 17. Nxb5 Nxb5 {1-0 (33) Abramovic,B (2417)-Grbic,M (2251) Belgrade 2016}) 13... Rfc8 14. a3 Rc7 15. Rc2 Rac8 16. Rfc1 Na5 17. Nb1 Nb3 18. Rxc7 Rxc7 19. Rc3 Rxc3 20. Nxc3 h6 21. Qc2 Na5 22. Ne5 Nc6 23. f4 Ne7 24. g4 Bc6 25. h4 Nd7 26. Nf3 Nc8 27. g5 hxg5 28. hxg5 Qc7 29. Ne2 Nd6 30. Ne5 Nxe5 31. dxe5 {[#] Black must now prevent Bh7+.} ({Don't play} 31. fxe5 Nc4 32. g6 (32. Bxc4 dxc4 33. g6 Qe7 $15) 32... Qd8 33. gxf7+ Kxf7 34. Bg6+ Kf8 $11) 31... Nc4 32. Bxc4 dxc4 33. Qxc4 Qa5 {( -> ...Qe1+)} 34. Kf2 ({Better is} 34. Nc3 $16) 34... Qd2 $11 {[#] Threatens to win with ...Bb5.The position is equal.} 35. Qd4 Qc2 36. Qc3 Qe4 37. Qd4 Qh1 38. Qd8+ Kh7 39. Qd3+ Be4 40. Qc3 Qh4+ 41. Kf1 Qh1+ 42. Kf2 Qh4+ 1/2-1/2

[Event "Yingmei Cup CHN-chT 2017"]
[Site "Shenzen"]
[Date "2017.04.18"]
[Round "1"]
[White "Zhou, Jianchao"]
[Black "Zeng, Chongsheng"]
[Result "1-0"]
[WhiteElo "2613"]
[BlackElo "2536"]
[Annotator "TA"]
[PlyCount "143"]
[EventDate "2017.??.??"]
[EventCountry "CHN"]
[SourceTitle "playchess.com"]
[Source "ChessBase"]
[SourceQuality "1"]

{[%evp 25,143,0,0,0,0,-13,-10,-83,-70,-68,-76,-111,-54,-59,-32,-50,-37,-24,-8,-12,0,-20,0,-37,-7,-52,-18,-18,16,-3,29,29,31,24,41,40,123,121,108,112,124,105,112,0,120,136,141,138,265,258,283,284,391,225,209,205,456,286,302,283,281,289,267,251,586,526,572,593,614,572,613,590,585,502,476,476,458,445,639,628,914,826,1182,1049,1064,898,6095,5409,2891,2542,5093,1680,29967,29969,29969,29970,29970,29971,29971,29972,29972,29973,29971,29973,29971,29975,29975,29978,29978,29979,29978,29980,29980,29981,29981,29981,29983,29984,29982,29983]} 1. c4 Nf6 2. g3 g6 3. Bg2 Bg7 4. Nc3 O-O 5. d4 d6 6. Nf3 Nc6 7. d5 Na5 8. Nd2 c5 9. O-O a6 10. Qc2 Rb8 11. b3 b5 12. Bb2 e5 13. Rae1 Nh5 14. e4 {E66: King's Indian: Fianchetto: 6...c5 7 0-0 Nc6 8 d5} Bh6 15. Ncb1 f5 16. Bc3 $146 (16. cxb5 $11 {remains equal.} axb5 17. exf5 Bxf5 18. Ne4) (16. exf5 gxf5 17. Bc3 b4 18. Bb2 f4 19. Nf3 Rb7 20. Nbd2 Rg7 21. Ne4 {1-0 (61) Anic,D (2390)-Hebden,M (2475) Montpellier 1988}) 16... b4 17. Bb2 f4 $1 18. Nf3 Qe7 (18... g5 $17 19. g4 Bxg4) 19. Qe2 $15 Bd7 20. Bc1 $1 Qg7 21. Nh4 Qf7 22. Bf3 Bh3 23. Bg2 Bd7 24. Bf3 Ng7 25. Nd2 Bh3 {Black wants to play ...fxg3.} 26. Bg2 Bxg2 27. Kxg2 g5 28. Nf5 $1 {[%cal Rf5h6]} Nxf5 29. exf5 Qxf5 30. Qh5 $36 {[%mdl 2048] White has the initiative.} Kg7 ({Black should play} 30... Rf6 $14) 31. Ne4 $16 {[%mdl 1024] White has strong compensation.} Nb7 32. f3 Qg6 33. Qh3 Qf5 34. Qh5 Qg6 $1 {[%cal Rg6h5]} 35. Qg4 $1 Rf5 36. Rg1 Rbf8 (36... Kh8 $16) 37. Kh1 $1 $18 fxg3 38. Rxg3 ({Worse is} 38. Nxg3 Rxf3 39. Ne4 Kh8 $11) 38... Kh8 39. Bxg5 ({Not} 39. Nxg5 Bxg5 40. Bxg5 Qf7 $16) (39. Reg1 $142) 39... Bxg5 40. Nxg5 Nd8 $2 (40... h6 {might work better.}) 41. Ne4 Qxg4 42. fxg4 Rf1+ 43. Rxf1 Rxf1+ 44. Rg1 Rxg1+ $2 (44... Rf7 {keeps fighting.} 45. Nxd6 Rf2) 45. Kxg1 {[%mdl 4096] Endgame KN-KN} Nf7 46. Kf2 Kg7 47. Kg3 Kg6 48. Kh4 Kh6 49. g5+ Kg6 {Strongly threatening ...Kf5.} 50. Kg4 h6 {[%cal Rh6g5] [#]} 51. h4 $1 {[%cal Rh4h5]} h5+ (51... hxg5 $142 52. hxg5 a5) 52. Kf3 a5 53. Ng3 Nd8 54. Ke3 Nb7 55. Ke4 Nd8 56. Nf5 Nb7 {[#]} 57. Nxd6 $1 {[%mdl 512]} Nxd6+ 58. Kxe5 Nxc4+ 59. bxc4 {KP-KP. White mates.} a4 {[#]} 60. d6 $1 b3 61. axb3 a3 62. d7 a2 63. d8=Q {[%cal Rd8g8]} a1=Q+ {KQ-KQ} 64. Kd6 Qd1+ 65. Kc7 Qd4 {[#]} 66. Qf6+ $1 Kh7 (66... Qxf6 67. gxf6) 67. Qf7+ Kh8 68. Qxh5+ Kg7 69. Qh6+ Kg8 70. Qg6+ Kh8 71. Qf6+ Kg8 72. h5 1-0

[Event "Yingmei Cup CHN-chT 2017"]
[Site "Shenzen"]
[Date "2017.04.18"]
[Round "1"]
[White "Bai, Jinshi"]
[Black "Wang, Yiye"]
[Result "1-0"]
[WhiteElo "2585"]
[BlackElo "2425"]
[Annotator "TA"]
[PlyCount "69"]
[EventDate "2017.??.??"]
[EventCountry "CHN"]
[SourceTitle "playchess.com"]
[Source "ChessBase"]
[SourceQuality "1"]

{[%evp 19,69,19,30,18,24,31,58,53,61,62,62,60,50,58,89,65,120,117,125,125,127,126,130,128,117,96,198,186,184,116,115,71,82,81,79,0,79,0,79,73,97,91,180,168,198,197,177,186,201,209,514,495]} 1. d4 d5 2. c4 dxc4 3. Nf3 Nf6 4. e3 e6 5. Bxc4 a6 6. O-O c5 7. Nc3 b5 8. Be2 Bb7 9. dxc5 Qxd1 10. Rxd1 Bxc5 11. Nd2 {D27: Queen's Gambit Accepted: Classical main line: 7 e4!? and 7 a4} Nbd7 12. Nb3 Bb6 13. a4 {White is slightly better.} b4 14. a5 Bd8 15. Na4 Bd5 $146 (15... Be7 16. f3 g5 17. e4 g4 18. Be3 gxf3 19. gxf3 {1-0 (49) Fressinet,L (2700)-Karjakin,S (2775) Beijing 2012}) 16. Nac5 Be7 17. Nxa6 {Strongly threatening Nc7+.} Kd8 (17... Bxb3 $14 18. Nc7+ Kd8 19. Nxa8 Bxd1 20. Bxd1 Kc8) 18. Rxd5 $16 Nxd5 19. e4 Nc7 20. Nxc7 Kxc7 21. Bf4+ e5 22. Be3 $1 Rhb8 (22... Rac8 $16) 23. a6 $18 Rb6 {[#]} 24. Bxb6+ ({White should try} 24. Na5 $1 $18) 24... Kxb6 $16 25. Ra5 {And now Rb5+ would win.} Ra7 26. Rb5+ Kc7 27. Ra5 Kb6 $1 28. Rb5+ Kc7 $1 29. Rd5 $36 {[%mdl 2048] White is on the roll.} Bd6 30. Nd2 Nc5 {[#]} (30... f6 $16) 31. Nc4 $1 $18 {[%cal Rc4d6]} Bf8 32. Nxe5 f6 33. Nf3 Nxa6 34. Nd4 {Nb5+ is the strong threat.} Kb6 $2 (34... Kb7 {is more resistant.} 35. Rb5+ Kc8) 35. Rb5+ 1-0